1587 1482 1592 1480 1739 1797 1868 1929 1878 1466 1447 1672 1128 1381 1977 1933 1671 1173 1602 1863 1856 1468 1537 1544 1007 1115 1217 1246 1200 1468 1057 1740 1816 1991 1566 1758 1514 1144 1622 1465 1699 1085 1368 1262 1959 1744 1131 1745 1396 1364 1589 1384 1347 1153 1218 1599 1199 1833 1015 1134 1825 1992 1362 1903 1471 1722 1388 1163 1635 1704 1935 1770 1987 1701 1698 1978 1714 1479 1705 1835 1647 1236 1663 1770 1716 1150 1776 1785 1523 1765 1320 1744 1711 1110 1604 1591 1502 1286 1226 BCNSPRNW ULIB Ver.6.0+V

เปลี่ยนเป็นภาษาไทย

Change to English
 แสดงรายละเอียดบรรณานุกรม
  กลับหน้าหลัก

Brief Record : Get Marc (ISO 2709) : E-mail record : QR code < ปิดหน้าต่าง
LEADER : 00000nam 2200000uu 4500
001    13399109752
003     ULIB
008    110410s2551||||th 000 0 tha d
020    9789740456650
060 04 WC100^bร924U 2551
245 00 Update on pediatric infectious diseases^n2008 /^cบรรณาธิการ, อังกูร เกิดพานิช ... [และคนอื่นๆ]
250    พิมพ์ครั้งที่ 1
260    กรุงเทพฯ :^bสมาคมโรคติดเชื้อในเด็กแห่งประเทศไทย,^c2551
300    v, 267 หน้า :^bภาพประกอบ ;^c26 ซม.
650  7 กุมารเวชศาสตร์
650  7 โรคติดต่อ^xในวัยทารกและวัยเด็ก
650  7 โรคติดต่อ, การควบคุม
700 0  อังกูร เกิดพานิช,^eบรรณาธิการ
710 2  สมาคมโรคติดเชื้อในเด็กแห่งประเทศไทย
945    ^p400^l0^i025988
945    ^p400^l0^i025987
995    ทศพร
999 ^a ใช้งานได้ทุกระบบ
รายการนี้ยังไม่มีแท็ก
คุณยังไม่ได้ล็อกอิน คุณสามารถมีกิจกรรมร่วมกับเว็บไซต์ได้ แต่ต้องล็อกอินก่อน ::
  ล็อกอิน

รายการสื่อสารสนเทศ

ลำดับที่ ประเภท เลขเรียก/บาร์โค้ด สถานที่ สถานะ
- ไม่พบข้อมูล -

รายการใกล้เคียง
    หัวเรื่อง [กุมารเวชศาสตร์]
    หัวเรื่อง [โรคติดต่อ, การควบคุม]

BibComment


ยังไม่เคยถูกคอมเมนท์

คอมเมนท์ทรัพยากรรายการนี้
  คอมเมนท์: Update on pediatr..


 Copyright 2026. Bcnsprnw @Library